Регионална библиотека "Любен Каравелов" - Русе

Приказки (Запис номер 148924)

MARC детайли
000 -Лидер
Контролно поле с фиксирана дължина 01481nam a2200325 c 4500
003 - Код на организацията, давaща контролен номер
Контролно поле BLK
005 - Дата и час на последна редакция
Контролно поле 20180422112859.0
008 - Елементи от данни с фиксирана дължина
fixed length control field 180410b bul|||||r ||||||| ||bul||
010 ## - Наследен системен номер
LC control number KNG00155155000
040 ## - Източник на каталожния запис
Идентификатор на билиотеката - собственик на записа BLK
041 ## - Код за език
Код за езика на текст/звукозапис или на отделно заглавие Български
Код за езика КДБФ Български
080 ## - УДК
Текстов определител УДК Руска литература
УДК код - определител по УДК 821.161.1
УДК определител -93-34
УДК - код + определител 821.161.1-93-34
100 1# - Редна дума - Автор
Автор Циферов, Генадий Михайлович
Авторска отговорност първи автор
R(LIN) 140113
139 ## - Редно поле
Редна дума Циферов, Генадий Михайлович
Авторски знак Циф - Ц 70
245 10 - Сведения за заглавието
Заглавие Приказки
Редно поле (дума) Генадий Михайлович Циферов; прев. от рус. Русалина Попова; худож. Виктор Александрович Чижиков.
257 ## - Страна на издаване
Страна на създаване/издаване СССР
260 ## - Област на издателските данни
-- София
Име на издателя, разпространителя и проч. Отечество
Година на издаване 1977
Печатница София : ДПК Д. Благоев
300 ## - Физическа характеристика
Страници 64 с.
Илюстрации и др. с ил.
Размери/Мащаб 29 см
380 ## - Жанр
Жанр Детска худож. лит.
500 ## - Общи забележки
Забележка Ориг. загл. Сказки / Геннадий Цыферов. - 50 000 тир.
653 ## - Ключова дума – ненормативна
Ключова дума детска литература
653 ## - Ключова дума – ненормативна
Ключова дума приказки
700 1# - Други автори (авторска отговорност)
Лично име Попова, Русалина
Автороска отговорност (Описва отношението между автора и произведението) прев. от рус.
9 (RLIN) 370299
700 1# - Други автори (авторска отговорност)
Лично име Чижиков, Виктор Александрович
Автороска отговорност (Описва отношението между автора и произведението) худож.
9 (RLIN) 141731
852 ## - Местоположение
Форматна сигнатура Цб ІІ 19245
856 4# - Електронен адрес и достъп
Електронен формат pdf - файл
Път до файла /url/
856 4# - Електронен адрес и достъп
Електронен формат pdf - файл
Път до файла /url/
942 ## - АРТИКУЛИ
Вид на библиотечния материал Книги
Скрит в OPAC Не
944 ## - СЪЗДАВАНЕ И РЕДАКЦИЯ на ЗАПИСА
Създаване/Редакция Създаване
Дата на регистрацията/редакция 03.01.2014
Статус, дата на статуса 03.01.2014 - от С1,Р / 03.01.2014
Служител, извършил регистрацията/редакцията Гюлджан_Саами
944 ## - СЪЗДАВАНЕ И РЕДАКЦИЯ на ЗАПИСА
Създаване/Редакция Редакция
Дата на регистрацията/редакция 21.09.2017
Статус, дата на статуса 03.01.2014 - от С1,Р / 03.01.2014
Служител, извършил регистрацията/редакцията Севдалина_Василева
999 ## - СИСТЕМНИ КОНТРОЛНИ НОМЕРА
Koha biblionumber 148924
Koha biblioitemnumber 148924
Наличности
Код за отписване Код за изгубен артикул Източник на класификационната схема Код за повреда Коз за рестрикции Код за отдаване Артикулен № Име на библиотеката - собственик Име на библиотеката, в която се намира в момента Статус (Текущо местоположение) Дата на вписване в системата Местоположение - отдел Цена в лева Инвентарен номер Систематично азбучна сигнатура Баркод Номер на екземпляра Цена в евро Служебна бележка Служебен тип на артикула Бележка за публиката
  Не е изгубен Universal Decimal Classification Не е повреден само за читалня ползва се в читалня 248298 Регионална библиотека "Любен Каравелов" Русе Регионална библиотека "Любен Каравелов" Русе Хранилище 1977-01-01 Хранилище 0.84 249444 Цб ІІ 19245 120000249444 1 0.43 N: стар фонд Дата: 01.01.1977 Книги  
Изтеглен Не е изгубен Universal Decimal Classification Не е повреден без рестрикции заемане за дома 248299 Регионална библиотека "Любен Каравелов" Русе Регионална библиотека "Любен Каравелов" Русе Детски отдел 1977-01-01 Детски отдел 0.84 250458 ДХ 820/899/Ц 70 250458 2 0.43 N: стар фонд Дата: 01.01.1977 Дата инв: 17.09.2015 Бележки инв: Д2015 Книги  
  Не е изгубен Universal Decimal Classification Не е повреден без рестрикции заемане за дома 248300 Регионална библиотека "Любен Каравелов" Русе Регионална библиотека "Любен Каравелов" Русе Детски отдел 1977-01-01 Детски отдел 0.84 250463 ДХ 820/899/Ц 70 120000250463 3 0.43 N: стар фонд Дата: 01.01.1977 Дата инв: 14.08.2015 Бележки инв: Д2015 Книги  
Изтеглен Не е изгубен   Не е повреден без рестрикции заемане за дома 248301 Регионална библиотека "Любен Каравелов" Русе Регионална библиотека "Любен Каравелов" Русе   1977-01-01 Детски отдел 0.84 250465 ДХ 820/899/Ц 70 250465 4 0.43 N: стар фонд Дата: 01.01.1977 Дата инв: 17.09.2015 Бележки инв: Д2015 Книги Отч.N: 39/2017 , Дата: 07.09.2017
Изтеглен Не е изгубен   Не е повреден без рестрикции заемане за дома 248302 Регионална библиотека "Любен Каравелов" Русе Регионална библиотека "Любен Каравелов" Русе Детски отдел 1977-01-01 Детски отдел 0.84 633408 ДХ 820/899/Ц 70 633408 5 0.43 N: стар фонд Дата: 01.01.1977 Дата инв: 25.09.2015 Бележки инв: Д2015 Книги  
Vip Innovations Ltd, Rousse, Bulgaria 2025